Представление документа в формате RUSMARC

ПолеНазваниеЗначение
  Тип записи a
  Библиографический уровень m
001 Контрольный номер RU/УОНБ/EK/650042505
005 Дата корректировки 20250520122343.8
010 Индекс ISBN __
a ISBN 5-256-00269-4
d Цена 1 р. 30 к.
9 Тираж 18000 экз.
b Уточнения в пер.
100 Данные общей обработки __
a Данные общей обработки 20200806d1989 k y0rusy0189||||ca
101 Язык документа 0_
a Язык текста rus
102 Страна публикации __
a Страна публикации RU
105 Кодированные данные (монография) __
a Кодированные данные (монография) a j 001yy
200 Заглавие и сведения об ответственности 1_
a Заглавие Радиовещание и электроакустика
e Сведения, относящиеся к заглавию учеб. для вузов связи по спец. 2307 "Радиосвязь, радиовещание и телевидение"
f Первые сведения об ответственности А.В. Выходец, М.В. Гитлиц, Ю.А. Ковалгин [и др]
g Последующие сведения об ответственности под ред. М.В. Гитлица
210 Выходные данные 1_
a Место издания Москва
c Издательство Радио и связь
d Дата издания 1989
215 Физическое описание __
a Объем 429, [1] с.
c Иллюстрации/тип воспроизводства ил.
d Формат 22 см
320 Библиография __
a Библиография Библиогр.: с. 421
320 Библиография __
a Библиография Алф.-предм. указ.: с. 422-425
606 Тематические рубрики 0_
a Основная рубрика Радиовещание
j Формальный подзаголовок Учебники и пособия
606 Тематические рубрики 0_
a Основная рубрика Электроакустика
j Формальный подзаголовок Учебники и пособия
610 Ключевые слова 0_
a Ключевые слова радиовещание
610 Ключевые слова 0_
a Ключевые слова электроакустика
686 Индексы других классификаций __
a Классификационный индекс 32.884.8я7
2 Код системы rubbk
686 Индексы других классификаций __
a Классификационный индекс 32.87
2 Код системы rubbk
701 Альтернативная интеллектуальная ответственность _1
a Фамилия Выходец
b Имя (инициалы) А.В.
701 Альтернативная интеллектуальная ответственность _1
a Фамилия Гитлиц
b Имя (инициалы) М.В.
701 Альтернативная интеллектуальная ответственность _1
a Фамилия Ковалгин
b Имя (инициалы) Ю.А.
701 Альтернативная интеллектуальная ответственность _1
a Фамилия Ковалгин
b Имя (инициалы) Ю.А.
702 Вторичная интеллектуальная ответственность _1
a Фамилия Гитлиц
b Имя (инициалы) М.В.
4 Код отношения 340
801 Источник записи _0
a Страна RU
b Организация Ульяновская ОНБ
c Дата составления 20200806
g Правила каталогизации RCR
801 Источник записи _1
a Страна RU
b Организация Ульяновская ОНБ
c Дата составления 20200806
g Правила каталогизации RCR
901 Тип документа __
t Тип документа m
909 Создатель записи __
a Создатель записи Осокина
938 Служебная информация __
a Имя БД retro
b Имя библиотеки УОНБ
c Имя АИБС МАРК-SQL
d Номер DOC_ID в БД 338514